Global Leadership
Saved in:
| Other Authors: | , |
|---|---|
| Format: | Book |
| Language: | English |
| Published: |
New York
Routledge/Taylor & Francis Group
2018
|
| Edition: | 3rd Edition |
| Series: | Routledge Global Human Resource Management Series
|
| Subjects: | |
| Tags: |
No Tags, Be the first to tag this record!
|
MARC
| LEADER | 00000nam a2200000 4500 | ||
|---|---|---|---|
| 001 | 0246909 | ||
| 005 | 20240221111318.6 | ||
| 020 | |a 978-1-138-29244-4 | ||
| 020 | |a 978-1-138-29243-7 | ||
| 020 | |a 978-1-315-23290-4 | ||
| 041 | 0 | |a eng | |
| 044 | |a US | ||
| 245 | 1 | 0 | |a Global Leadership |c Edited by: Mark E. Mendenhall, Joyce S. Osland... [et al.] |
| 250 | |a 3rd Edition | ||
| 264 | 1 | |a New York |b Routledge/Taylor & Francis Group |c 2018 | |
| 300 | |a 414 s. | ||
| 490 | 1 | |a Routledge Global Human Resource Management Series | |
| 830 | 0 | |a Routledge Global Human Resource Management Series | |
| 610 | 2 | 0 | |a vodcovstvo |
| 610 | 2 | 0 | |a vývoj |
| 610 | 2 | 0 | |a lídri |
| 610 | 2 | 0 | |a globalizácia |
| 610 | 2 | 0 | |a kompetencie |
| 610 | 2 | 0 | |a modely |
| 610 | 2 | 0 | |a vedenie ľudí |
| 610 | 2 | 0 | |a vedomosti |
| 610 | 2 | 0 | |a zodpovednosť |
| 610 | 2 | 0 | |a výskum |
| 610 | 2 | 0 | |a prognózy |
| 700 | 1 | |a Mendenhall, Mark E. | |
| 700 | 1 | |a Osland, Joyce S. | |